Les 10 séries Netflix les mieux notées (selon SFR) - Statistiques

Statistiques générales
  • Ce quiz a été pris 470 fois
  • Le résultat moyen est 2 sur 10
Statistiques - réponses
Classement Séries % Correct
#3 stranger things
72%
#7 la casa de papel
70%
#5 sex education
26%
#2 narcos
21%
#1 the crown
18%
#4 orange is the new black
17%
#6 ozark
5%
#9 bojack horseman
2%
#8 Atypical
1%
#10 santa clarita diet
1%
Aucun quiz correspondant
Distribution des résultats
% des personnes avec chaque résultat
Percentile par nombre de réponses
Votre historique - résultats
Vous n’avez pas pris ce quiz